000 00795nam a22002177a 4500
003 UA-OsUOA
001 90962
007 ta
008 20121121b un ||||| |||| 00| 0 ukr d
100 _aЯручик Ю.
090 _a908
_bЯ78
942 _cSA
040 _aUA-OsUOA
_bukr
_cUA-OsUOA
_dUA-OsUOA
245 _aЛариса Івшина: Студенство - це те розумне середовище, що має нести нову енергію. Головний редактор "Дня" представила Острозькій академії серію книжок "Бронебійна публіцистика".
300 _aС.15
955 _a0
041 _aukr
080 _a908
773 0 _w90959
650 7 _a908 Краєзнавство
_2UDC
999 _c377184
_d377184